000 11818nas1a22007451i 4500
001 RU\NLR\INFOCOMM17\1000418689
005 20240726075317.0
035 _a(NLR Aleph) 002544209
090 _a2961789
_c2961789
100 _a20040518b19581963|||y0rusy50 ca
101 0 _arus
102 _aRU
110 _azyu||||0|y0
200 1 _aНаучное сообщение
_fГлавмосстрой при Мосгорисполкома Науч.-исслед. ин-т НИИ Мосстрой
207 1 _aВып.1-38
210 _aМ.
_cМосоргстрой
_d1958-1963
311 _aНа вып.38 1962 изд. прекращено
440 1 _12001#$aНаучные сообщения
_tНаучные сообщения
710 0 2 _aНаучно-исследовательский институт Главмосстроя
_4070
801 1 _aRU
_bInfoComm
_c20040518
801 0 _aRU
_bNLR
_gPSBO
852 _aNLR
_jП10/2260
942 _cSE
980 _aRUSPER